| 000 | 01160nam a2200241Ia 4500 | ||
|---|---|---|---|
| 999 |
_c53197 _d53197 |
||
| 001 | 20238 | ||
| 003 | GE_BSU | ||
| 005 | 20200630111734.0 | ||
| 008 | 181216s1982||||ge |||||||||||||| ||geo|| | ||
| 040 | _cGE_BSU | ||
| 041 | _ageo | ||
| 080 | _a811.353.1-86 ი-50 | ||
| 100 |
_aიმნაიშვილი, ი. _95492 |
||
| 245 |
_aქართული ენის ისტორიული ქრესტომათია = Историческая хрестоматия Грузинского языка ტ.1 : ლექსიკონით, ენის მიმოხილვით და ტაბულებით : ნაწ. 1 / _cი. იმნაიშვილი ; რედ. ა. შანიძე. |
||
| 264 |
_aთბილისი : _bთსუ, _c1982. |
||
| 300 |
_a383 გვ. ; _c22 სმ. |
||
| 541 | _h4ლ. 78თ. | ||
| 653 | _aქართული ენა | ||
| 653 | _aქართული ენა | ||
| 653 | _aქართული ენის ისტორიული ქრესტომათია | ||
| 700 |
_aშანიძე, ა. _eრედაქტორი _98897 |
||
| 942 |
_cBK _2udc |
||